| 000 | 00369nam a22001217a 4500 | ||
|---|---|---|---|
| 008 | 160412b xxu||||| |||| 00| 0 eng d | ||
| 050 | _aPR9369.9.P35 T5 | ||
| 100 |
_aPatel, Essop _923703 |
||
| 245 |
_aThey came at dawn: _bpoems by Essop Patel _c/ Essop Patel |
||
| 260 |
_aSouth africa _bBlac Publishing House _c1980 |
||
| 300 |
_a52p. ; _c22cm. |
||
| 942 |
_2lcc _cMONOGRAPH |
||
| 999 |
_c124578 _d124578 |
||